Aquichan

Bibliographic Details
Format: Journal
Language:Spanish
Published: Cha̕, Colombia : Universidad de La Sabana, 2001-
Subjects:
Online Access:http://www.vlex.com/source/7153

MARC

LEADER 00000nas a22000007a 4500
005 20130312174617.0
007 cr|||| ||||
008 130312c20019999ck qr|p s|||| 0|||b1spa d
022 |a 16575997  
035 |a 7153 
040 |a vLex 
090 |c 3905  |d 3905 
245 0 0 |a Aquichan  |h [Recurso electrn̤ico]  
256 |a Servicio en ln̕ea 
260 |a Cha̕, Colombia :  |b Universidad de La Sabana,   |c 2001- 
300 |a 1 Recurso electrn̤ico 
506 |d vLex Global  |d vLex Global (Academic Edition, excluding Law Schools)  |d vLex Global (U.S. Academic Edition, Law Schools)  |d vLex Global (U.S. Academic Edition, excluding Law Schools)  |d vLex Global (Academic Edition, Law Schools) 
650 0 4 |a Medicina  |v Revistas 
740 |a vLex Revistas (Servicio en ln̕ea) 
856 |a Acceso restringido  |u http://www.vlex.com/source/7153 
942 |c REV 
999 0 |a Medicine